Starting skills in English. (Record no. 4772)
[ view plain ]
| 000 -LEADER | |
|---|---|
| fixed length control field | 01276cam a22003495a 4500 |
| 003 - CONTROL NUMBER IDENTIFIER | |
| control field | EG-ScBUE |
| 005 - DATE AND TIME OF LATEST TRANSACTION | |
| control field | 20220609123657.0 |
| 008 - FIXED-LENGTH DATA ELEMENTS--GENERAL INFORMATION | |
| fixed length control field | 101101m20052006enka f 000 0 eng d |
| 020 ## - INTERNATIONAL STANDARD BOOK NUMBER | |
| International Standard Book Number | 1859648088 (Part A) |
| 020 ## - INTERNATIONAL STANDARD BOOK NUMBER | |
| International Standard Book Number | 9781859648087 (Part A) |
| 020 ## - INTERNATIONAL STANDARD BOOK NUMBER | |
| International Standard Book Number | 185964807X (Part A) |
| 020 ## - INTERNATIONAL STANDARD BOOK NUMBER | |
| International Standard Book Number | 1859648169 (Part B) |
| 020 ## - INTERNATIONAL STANDARD BOOK NUMBER | |
| International Standard Book Number | 9781859648162 (Part B) |
| 040 ## - CATALOGING SOURCE | |
| Original cataloging agency | EG-ScBUE |
| Language of cataloging | eng |
| Description conventions | rda |
| Transcribing agency | EG-ScBUE |
| Modifying agency | EG-ScBUE |
| 082 04 - DEWEY DECIMAL CLASSIFICATION NUMBER | |
| Classification number | 428.24 |
| Item number | PHI |
| Edition number | 22 |
| 100 1# - MAIN ENTRY--PERSONAL NAME | |
| Personal name | Phillips, Terry, |
| Dates associated with a name | 1949- |
| Relator term | author. |
| 9 (RLIN) | 20796 |
| 245 10 - TITLE STATEMENT | |
| Title | Starting skills in English. |
| Name of part/section of a work | Reading and writing, |
| -- | Teacher's book / |
| Statement of responsibility, etc | Terry Phillips, Anna Phillips. |
| 246 30 - VARYING FORM OF TITLE | |
| Title proper/short title | Reading and writing |
| 246 30 - VARYING FORM OF TITLE | |
| Title proper/short title | Teacher's book |
| 264 #1 - PUBLICATION, DISTRIBUTION, ETC. (IMPRINT) | |
| Place of publication, distribution, etc | Reading, UK : |
| Name of publisher, distributor, etc | Garnet Education, |
| Date of publication, distribution, etc | [between 2005-2006] |
| 300 ## - PHYSICAL DESCRIPTION | |
| Extent | 2 volumes : |
| Other physical details | color illustrations ; |
| Dimensions | 28 cm |
| 336 ## - CONTENT TYPE | |
| Source | rdacontent |
| Content type term | text |
| Content type code | txt |
| 337 ## - MEDIA TYPE | |
| Source | rdamedia |
| Media type term | unmediated |
| Media type code | n |
| 338 ## - CARRIER TYPE | |
| Source | rdacarrier |
| Carrier type term | volume |
| Carrier type code | nc |
| 505 0# - FORMATTED CONTENTS NOTE | |
| Formatted contents note | Part A -- Part B. |
| 520 ## - SUMMARY, ETC. | |
| Summary, etc | A skills course providing immediate access for false beginners to study academic skills. |
| 590 ## - LOCAL NOTE (RLIN) | |
| Local note | mohamed. |
| 650 #7 - SUBJECT ADDED ENTRY--TOPICAL TERM | |
| Topical term or geographic name as entry element | English language |
| Form subdivision | Textbooks for foreign speakers. |
| Source of heading or term | BUEsh |
| 9 (RLIN) | 20797 |
| 653 ## - INDEX TERM--UNCONTROLLED | |
| Resource For college | Humanities: English |
| Arrived date list | July2019 |
| 655 ## - INDEX TERM--GENRE/FORM | |
| Form subdivision | Reading book |
| 9 (RLIN) | 34232 |
| 942 ## - ADDED ENTRY ELEMENTS (KOHA) | |
| Koha item type | Book - Teacher Resource |
| Call number prefix | 428.24 PHI |
| Source of classification or shelving scheme | Dewey Decimal Classification |
| Withdrawn status | Lost status | Source of classification or shelving scheme | Damaged status | Not for loan | Collection code | Home library | Current library | Shelving location | Date acquired | Source of acquisition | Total Checkouts | Full call number | Barcode | Date last seen | Price effective from | Koha item type | Public note |
|---|---|---|---|---|---|---|---|---|---|---|---|---|---|---|---|---|---|
| Dewey Decimal Classification | Baccah | Central Library | Central Library | Second Floor | 01/11/2010 | Purchase | 428.24 PHI | 000005473 | 15/07/2025 | 13/09/2007 | Book - Teacher Resource | Part B | |||||
| Dewey Decimal Classification | Baccah | Central Library | Central Library | Second Floor | 01/11/2010 | Purchase | 428.24 PHI | 000005559 | 15/07/2025 | Book - Teacher Resource | Part A | ||||||
| Dewey Decimal Classification | Baccah | Central Library | Central Library | Second Floor | 01/11/2010 | Purchase | 428.24 PHI | 000005560 | 15/07/2025 | Book - Teacher Resource | Parrt A | ||||||
| Dewey Decimal Classification | Baccah | Central Library | Central Library | Second Floor | 01/11/2010 | Purchase | 428.24 PHI | 000005472 | 15/07/2025 | 01/11/2010 | Book - Teacher Resource | Part B |